Online
Catalog

Manual del perfecto idiota latinoamericano / (Record no. 39159)

MARC details
000 -CABECERA
campo de control de longitud fija 00739nam a2200205 a 4500
001 - NÚMERO DE CONTROL
campo de control 000039669
005 - FECHA Y HORA DE LA ÚLTIMA TRANSACCIÓN
campo de control 20240306164224.0
008 - DATOS DE LONGITUD FIJA--INFORMACIÓN GENERAL
campo de control de longitud fija 130715s1996 sp 000 0 spa d
020 ## - NÚMERO INTERNACIONAL ESTÁNDAR DEL LIBRO
Número Internacional Estándar del Libro 840137569X
040 ## - FUENTE DE LA CATALOGACIÓN
Centro catalogador/agencia de origen DO-SdBNP
Lengua de catalogación spa
Centro/agencia transcriptor BNPHU
082 ## - NÚMERO DE LA CLASIFICACIÓN DECIMAL DEWEY
Número de clasificación xxx
100 1# - ENTRADA PRINCIPAL--NOMBRE DE PERSONA
Nombre de persona Apuleyo Mendoza, Plinio,
Fechas asociadas al nombre 1932-
9 (RLIN) 65860
245 10 - MENCIÓN DE TÍTULO
Título Manual del perfecto idiota latinoamericano /
Mención de responsabilidad, etc. Plinio Apuleyo Mendoza, Carlos Alberto Montaner, Alvaro Vargas Llosa ; presentación Mario Vargas Llosa.
250 ## - MENCIÓN DE EDICIÓN
Mención de edición 3a ed.
260 ## - PUBLICACIÓN, DISTRIBUCIÓN, ETC.
Lugar de publicación, distribución, etc. Barcelona :
Nombre del editor, distribuidor, etc. Plaza & Janes Editores,
Fecha de publicación, distribución, etc. 1996.
300 ## - DESCRIPCIÓN FÍSICA
Extensión 318 p. ;
Dimensiones 22 cm.
700 1# - PUNTO DE ACCESO ADICIONAL--NOMBRE DE PERSONA
Nombre de persona Montaner, Carlos Alberto,
Fechas asociadas al nombre 1943-
9 (RLIN) 32455
700 1# - PUNTO DE ACCESO ADICIONAL--NOMBRE DE PERSONA
Nombre de persona Vargas Llosa, Alvaro
Fechas asociadas al nombre 1966-
9 (RLIN) 65861
700 1# - PUNTO DE ACCESO ADICIONAL--NOMBRE DE PERSONA
Nombre de persona Vargas Llosa, Mario,
Fechas asociadas al nombre 1936-
9 (RLIN) 12567
Holdings
Estado de retiro Estado de pérdida Restricciones de uso No para préstamo Código de colección Localización permanente Ubicación/localización actual Ubicación en estantería Fecha de adquisición Número de inventario Total de préstamos Signatura topográfica completa Código de barras Fecha visto por última vez Precio válido a partir de Tipo de ítem Koha
      Excluido de préstamo Monografías: Libros y Folletos General General En catalogación 15.07.2013 LF1   xxx 39669-10 25.06.2020 25.06.2020 No se presta

Powered by Koha